[Event "DEM U12 2012"]
[Site "Oberhof GER"]
[Date "2012.06.01"]
[Round "10"]
[White "Lohrmann, Tabea"]
[Black "Abbasov, Amil"]
[Result "0-1"]
[Termination "normal"]
[Board "30"]
[WhiteElo "1339"]
[BlackElo "1716"]
[PlyCount "96"]
[WhiteFideId "12911941"]
[BlackFideId "12930300"]
[EventCountry "GER"]
[EventRounds "11"]
[EventType "swiss"]
[EventDate "2012.05.26"]

1. e4 Nf6 2. Nc3 d5 3. exd5 Nxd5 4. Nf3 Bg4 5. Bc4 e6 6. d4 c6 7. O-O Nd7 8.
Qd3 Nb4 9. Qe2 Bxf3 10. Qxf3 Nxc2 11. Rb1 Nxd4 12. Qd3 Ne5 13. Qe3 Nxc4 14. Qe4
Be7 15. Rd1 c5 16. Be3 Nd6 17. Qd3 O-O 18. Bxd4 cxd4 19. Qxd4 Qb6 20. Qf4 Rfd8
21. b3 Rac8 22. Rbc1 Nf5 23. Rxd8+ Rxd8 24. Ne4 Qd4 25. h3 Nd6 26. Re1 Nxe4 27.
Qxe4 Qxe4 28. Rxe4 Rd1+ 29. Kh2 Bd6+ 30. g3 Rd2 31. Kg2 Kf8 32. a4 Ke7 33. Kf3
Rd3+ 34. Re3 Rxe3+ 35. Kxe3 Bc5+ 36. Kf3 Kd6 37. g4 Ke5 38. Ke2 Kf4 39. a5 Bb4
40. a6 bxa6 41. f3 Kg3 42. h4 Kxh4 43. Kf2 f5 44. gxf5 exf5 45. Ke3 Kg3 46. Ke2
Bc5 47. b4 Bxb4 48. Ke3 a5 0-1

[Event "DEM U12 2012"]
[Site "Oberhof GER"]
[Date "2012.06.01"]
[Round "10"]
[White "Nguyen, Ha Thanh"]
[Black "Dallinger, Moritz"]
[Result "1/2-1/2"]
[Termination "normal"]
[Board "31"]
[WhiteElo "1199"]
[BlackElo "1547"]
[PlyCount "59"]
[WhiteFideId "12942154"]
[BlackFideId "12910864"]
[EventCountry "GER"]
[EventRounds "11"]
[EventType "swiss"]
[EventDate "2012.05.26"]

1. e4 c5 2. Nf3 e6 3. d3 Nc6 4. Nbd2 Qc7 5. g3 Nf6 6. Bg2 Be7 7. O-O O-O 8. Re1
d6 9. c3 b5 10. Qe2 a6 11. h4 Bb7 12. Nf1 Rfe8 13. N1h2 Bf8 14. Bg5 Be7 15.
Rad1 h6 16. Bxf6 Bxf6 17. Ng4 Qd8 18. Qe3 b4 19. Qd2 Qa5 20. Nxf6+ gxf6 21.
Qxh6 Qxa2 22. Qxf6 Qxb2 23. Ng5 Re7 24. Qh6 f6 25. Qxf6 Qxc3 26. Qxc3 bxc3 27.
Rc1 Nb4 28. Rxc3 a5 29. Ra1 a4 30. Raa3 1/2-1/2

[Event "DEM U12 2012"]
[Site "Oberhof GER"]
[Date "2012.06.01"]
[Round "10"]
[White "Kolchugina, Lada"]
[Black "Diener, Carolin Valeria"]
[Result "0-1"]
[Termination "normal"]
[Board "32"]
[WhiteElo "1074"]
[BlackElo "1745"]
[PlyCount "54"]
[WhiteFideId "12929743"]
[BlackFideId "24699063"]
[EventCountry "GER"]
[EventRounds "11"]
[EventType "swiss"]
[EventDate "2012.05.26"]

1. e4 e5 2. Nf3 Nc6 3. Nc3 Nf6 4. Bb5 Bb4 5. O-O O-O 6. d3 d6 7. Bg5 Bxc3 8.
bxc3 Qe7 9. Bxc6 bxc6 10. d4 exd4 11. cxd4 Qxe4 12. Bxf6 gxf6 13. Re1 Qf4 14.
d5 cxd5 15. Qxd5 Be6 16. Qe4 Qxe4 17. Rxe4 Rab8 18. Nd4 Bxa2 19. h3 Rb2 20.
Rg4+ Kh8 21. Rf4 c5 22. Nc6 Rxc2 23. Rxf6 Be6 24. Rxa7 Rc1+ 25. Kh2 Rg8 26. g3
Bd5 27. Ne7 Rh1# 0-1

[Event "DEM U12 2012"]
[Site "Oberhof GER"]
[Date "2012.06.01"]
[Round "10"]
[White "Ott, Josef Sebastian"]
[Black "Müller, Sophie"]
[Result "1-0"]
[Termination "normal"]
[Board "33"]
[WhiteElo "1478"]
[BlackElo "1435"]
[PlyCount "107"]
[WhiteFideId "12952079"]
[BlackFideId "12926698"]
[EventCountry "GER"]
[EventRounds "11"]
[EventType "swiss"]
[EventDate "2012.05.26"]

1. e4 e6 2. d4 d5 3. Nc3 dxe4 4. Nxe4 Nd7 5. Bd3 Ngf6 6. Qe2 Be7 7. Nf3 O-O 8.
Bg5 Re8 9. O-O-O a6 10. h4 Rb8 11. Kb1 b5 12. Nc5 Bb7 13. Bxf6 Nxf6 14. Nxb7
Rxb7 15. g4 Qc8 16. g5 Nd7 17. Qe4 Nf8 18. h5 Bd6 19. h6 g6 20. Ne5 Nd7 21. Rh3
Nxe5 22. dxe5 Bf8 23. Qf4 c5 24. Be4 Rd7 25. Rhd3 Rxd3 26. Rxd3 Rd8 27. Qd2
Rxd3 28. Qxd3 Qc7 29. f4 Be7 30. Kc1 Qd8 31. Kd2 Qxd3+ 32. Kxd3 Kf8 33. Bb7 a5
34. Bc6 b4 35. Kc4 Bd8 36. Kxc5 Ke7 37. Bb5 Bc7 38. Kc6 Bd8 39. Kc5 Bc7 40. a3
bxa3 41. bxa3 Kf8 42. Kc6 Bd8 43. c4 Ke7 44. a4 Kf8 45. c5 Be7 46. Kb6 Bd8+ 47.
Kb7 Ke7 48. c6 Kf8 49. c7 Bxc7 50. Kxc7 Ke7 51. Kb6 Kd8 52. Kxa5 Kc7 53. Be8
Kd8 54. Bxf7 1-0

[Event "DEM U12 2012"]
[Site "Oberhof GER"]
[Date "2012.06.01"]
[Round "10"]
[White "Reimers, Kim"]
[Black "Shevelko, Alexander"]
[Result "0-1"]
[Termination "normal"]
[Board "34"]
[WhiteElo "1473"]
[BlackElo "1373"]
[PlyCount "68"]
[WhiteFideId "12930377"]
[BlackFideId "12952125"]
[EventCountry "GER"]
[EventRounds "11"]
[EventType "swiss"]
[EventDate "2012.05.26"]

1. e4 c6 2. d4 d5 3. exd5 cxd5 4. c4 Nf6 5. Nc3 Nc6 6. Nf3 Bg4 7. cxd5 Nxd5 8.
Qb3 Nxc3 9. bxc3 Qc7 10. h3 Bh5 11. Bd3 e6 12. O-O Bd6 13. Re1 Rc8 14. Bd2 O-O
15. Rac1 Rfe8 16. Re2 Qd7 17. Qb1 Bg6 18. Bxg6 hxg6 19. Rce1 Na5 20. h4 Nc4 21.
h5 Nxd2 22. Rxd2 gxh5 23. Rc1 Bf4 24. Rb2 Bxc1 25. Rxb7 Rc7 26. Rxc7 Qxc7 27.
Qxc1 Rc8 28. Qa3 Qxc3 29. Qxa7 Qc1+ 30. Kh2 Qc7+ 31. Qxc7 Rxc7 32. Kh3 Rc2 33.
a3 Rxf2 34. Ne5 Rd2 0-1

[Event "DEM U12 2012"]
[Site "Oberhof GER"]
[Date "2012.06.01"]
[Round "10"]
[White "Simon, Tessa"]
[Black "Steffens, Oliver"]
[Result "1-0"]
[Termination "normal"]
[Board "35"]
[WhiteElo "1438"]
[BlackElo "1262"]
[PlyCount "73"]
[WhiteFideId "12929395"]
[BlackFideId "12947148"]
[EventCountry "GER"]
[EventRounds "11"]
[EventType "swiss"]
[EventDate "2012.05.26"]

1. e4 c5 2. Nf3 Nc6 3. d4 cxd4 4. Nxd4 Nf6 5. Nc3 e5 6. Ndb5 d6 7. Bg5 a6 8.
Na3 b5 9. Nd5 h6 10. Nxf6+ gxf6 11. Be3 f5 12. Qd5 Qc7 13. exf5 Bxf5 14. Be2
Bg7 15. Bf3 Rc8 16. c3 b4 17. Qxc6+ Qxc6 18. Bxc6+ Rxc6 19. cxb4 d5 20. O-O d4
21. Bd2 e4 22. Rac1 Rg6 23. Rfe1 O-O 24. Kf1 Re8 25. Nc4 Rge6 26. b3 e3 27.
fxe3 Bd3+ 28. Kf2 Bxc4 29. bxc4 dxe3+ 30. Bxe3 Bb2 31. Rb1 Rxe3 32. Rxe3 Bd4
33. Rbe1 Rxe3 34. Rxe3 f5 35. Kf3 Bxe3 36. Kxe3 Kf7 37. Kf4 1-0

[Event "DEM U12 2012"]
[Site "Oberhof GER"]
[Date "2012.06.01"]
[Round "10"]
[White "Sauer, Annika"]
[Black "Lai Hop, Long"]
[Result "1/2-1/2"]
[Termination "normal"]
[Board "37"]
[WhiteElo "1501"]
[BlackElo "1331"]
[PlyCount "45"]
[WhiteFideId "12952052"]
[BlackFideId "12942707"]
[EventCountry "GER"]
[EventRounds "11"]
[EventType "swiss"]
[EventDate "2012.05.26"]

1. d4 d5 2. Nd2 Nf6 3. e3 e6 4. Bd3 Be7 5. Ngf3 O-O 6. c3 b6 7. e4 Bb7 8. Qc2
h6 9. O-O c5 10. b3 Qc7 11. Re1 Rc8 12. Bb2 Nbd7 13. Rac1 a6 14. a4 cxd4 15.
Nxd4 Nc5 16. f3 Rd8 17. e5 Ne8 18. b4 Nxd3 19. Qxd3 Rac8 20. f4 Qd7 21. b5 a5
22. Kh1 Bc5 23. N2b3 1/2-1/2

[Event "DEM U12 2012"]
[Site "Oberhof GER"]
[Date "2012.06.01"]
[Round "10"]
[White "Gericke, Nicholas"]
[Black "Özkan, Afet-Ekin"]
[Result "0-1"]
[Termination "normal"]
[Board "38"]
[WhiteElo "1188"]
[BlackElo "1406"]
[PlyCount "54"]
[WhiteFideId "12952141"]
[BlackFideId "12952117"]
[EventCountry "GER"]
[EventRounds "11"]
[EventType "swiss"]
[EventDate "2012.05.26"]

1. c4 Nf6 2. Nc3 d6 3. g3 g6 4. Bg2 Bg7 5. e3 O-O 6. Nf3 c5 7. d4 Nbd7 8. O-O
Rb8 9. Bd2 a6 10. b3 b5 11. Qe2 Ne8 12. Rac1 b4 13. Nd1 a5 14. Nb2 Ba6 15. Rfd1
Nc7 16. Nd3 Ne6 17. d5 Nc7 18. Nb2 Bxb2 19. Rc2 Bg7 20. e4 Ne5 21. Nxe5 Bxe5
22. Bh6 Re8 23. Rd3 e6 24. Qd2 exd5 25. exd5 Bc8 26. Bg5 f6 27. Bxf6 Bxf6 0-1

[Event "DEM U12 2012"]
[Site "Oberhof GER"]
[Date "2012.06.01"]
[Round "10"]
[White "Torgashov, Katerina"]
[Black "Killgus, Leonard"]
[Result "1/2-1/2"]
[Termination "normal"]
[Board "39"]
[WhiteElo "1222"]
[BlackElo "1374"]
[PlyCount "109"]
[WhiteFideId "12938173"]
[BlackFideId "12922021"]
[EventCountry "GER"]
[EventRounds "11"]
[EventType "swiss"]
[EventDate "2012.05.26"]

1. e4 e5 2. Nf3 Nc6 3. Nc3 Nf6 4. d4 exd4 5. Nxd4 Bb4 6. Nxc6 bxc6 7. Bd3 O-O
8. O-O d5 9. exd5 cxd5 10. Bg5 c6 11. Qf3 Be7 12. Rae1 Re8 13. h3 Be6 14. Ne2
Rb8 15. Nd4 Bd7 16. b3 c5 17. Nf5 Bxf5 18. Qxf5 Qc8 19. Qxc8 Rbxc8 20. Bb5 Ne4
21. Bxe8 Bxg5 22. Bb5 Nd2 23. Re5 Nxf1 24. Kxf1 Bf6 25. Rxd5 Kf8 26. Rd7 a6 27.
Bxa6 Ra8 28. Bc4 Rxa2 29. Rxf7+ Ke8 30. Rc7 Rxc2 31. Rxc5 Rxf2+ 32. Kxf2 Bd4+
33. Kf3 Bxc5 34. Ke4 Kd7 35. Kd5 Ba3 36. Bb5+ Kc7 37. Kc4 Kb8 38. b4 Bb2 39.
Kc5 h6 40. g4 Bf6 41. Bd3 Bg5 42. b5 Bf6 43. Kc6 Bg5 44. b6 Bf6 45. b7 Bg5 46.
Be4 Bf6 47. Kd6 Bg5 48. Ke5 Bf6+ 49. Kf4 Bg5+ 50. Kg3 Bf6 51. h4 Be5+ 52. Kh3
Bb2 53. g5 hxg5 54. hxg5 Be5 55. g6 1/2-1/2

[Event "DEM U12 2012"]
[Site "Oberhof GER"]
[Date "2012.06.01"]
[Round "10"]
[White "Fromm, Katja"]
[Black "Kummer, Birte"]
[Result "1-0"]
[Termination "normal"]
[Board "40"]
[WhiteElo "1367"]
[BlackElo "963"]
[PlyCount "55"]
[WhiteFideId "12929409"]
[BlackFideId "12952214"]
[EventCountry "GER"]
[EventRounds "11"]
[EventType "swiss"]
[EventDate "2012.05.26"]

1. d4 d5 2. c4 e6 3. Nc3 Be7 4. Nf3 Nf6 5. Bf4 O-O 6. e3 c6 7. Be2 Nbd7 8. O-O
Ne4 9. c5 Nxc3 10. bxc3 Bf6 11. h3 b5 12. a4 Qa5 13. Bd6 Re8 14. axb5 Qxc3 15.
bxc6 Nf8 16. Qc1 Qxc1 17. Rfxc1 Be7 18. Ra5 Ng6 19. Rca1 Rd8 20. Bc7 Re8 21.
Rxa7 Rxa7 22. Rxa7 Bd8 23. Bd6 Be7 24. Ra8 Rd8 25. Ne5 Re8 26. Nxg6 hxg6 27.
Bxe7 Rxe7 28. Rxc8+ 1-0

[Event "DEM U12 2012"]
[Site "Oberhof GER"]
[Date "2012.06.01"]
[Round "10"]
[White "Schamber, Dennis"]
[Black "Ley, Sabrina"]
[Result "0-1"]
[Termination "normal"]
[Board "41"]
[WhiteElo "1108"]
[BlackElo "1334"]
[PlyCount "107"]
[WhiteFideId "12952176"]
[BlackFideId "12938130"]
[EventCountry "GER"]
[EventRounds "11"]
[EventType "swiss"]
[EventDate "2012.05.26"]

1. e4 e6 2. d4 d5 3. e5 c5 4. c3 Nc6 5. Nf3 Qb6 6. Be2 Nge7 7. dxc5 Qxc5 8. Be3
Qa5 9. O-O Qc7 10. Bd4 Ng6 11. Bb5 Bd7 12. Bxc6 Bxc6 13. Nbd2 b6 14. Rc1 Bb5
15. Re1 Nf4 16. a4 Ba6 17. Re3 Be7 18. g3 Ng6 19. b4 Rc8 20. b5 Bb7 21. Qc2 O-O
22. h4 h5 23. Qd1 Nh8 24. Kg2 a6 25. Qh1 Bc5 26. Qh3 Ng6 27. Rce1 Qd7 28. Rb1
axb5 29. axb5 Ra8 30. Bxc5 bxc5 31. Nb3 Qxb5 32. Ree1 Rab8 33. Nbd4 Qd7 34. Nb5
Ba6 35. Nd6 Rfd8 36. Kh2 Nf8 37. g4 f6 38. gxh5 fxe5 39. h6 Qxd6 40. Rg1 g6 41.
h5 Rxb1 42. Rxb1 e4+ 43. Kh1 Qf4 44. h7+ Kh8 45. Ng5 Qxg5 46. hxg6 Qxg6 47. Rg1
Qxh7 48. Qxh7+ Kxh7 49. Rg4 Ng6 50. Kg2 Be2 51. Rg5 Kh6 52. Rg3 Nf4+ 53. Kg1
Kh7 54. Kh1 0-1

[Event "DEM U12 2012"]
[Site "Oberhof GER"]
[Date "2012.06.01"]
[Round "10"]
[White "Wachsmann, Dietmar"]
[Black "ter Stal, Esther"]
[Result "1-0"]
[Termination "normal"]
[Board "42"]
[WhiteElo "1405"]
[BlackElo "984"]
[PlyCount "113"]
[WhiteFideId "12917168"]
[BlackFideId "12944467"]
[EventCountry "GER"]
[EventRounds "11"]
[EventType "swiss"]
[EventDate "2012.05.26"]

1. e4 c6 2. d4 d5 3. Nc3 dxe4 4. Nxe4 Nd7 5. Nf3 Ngf6 6. Neg5 e6 7. Bc4 Nb6 8.
Bb3 h6 9. Nh3 c5 10. O-O Bd7 11. c3 Bd6 12. Bf4 Be7 13. Ne5 Rc8 14. Nxd7 Qxd7
15. Be5 O-O 16. Nf4 cxd4 17. Bxd4 Qc7 18. Nxe6 fxe6 19. Bxe6+ Kh8 20. Bxc8 Rxc8
21. Re1 Rd8 22. Qf3 Nfd5 23. Qh5 Bg5 24. Bxb6 Qxb6 25. Re8+ Rxe8 26. Qxe8+ Kh7
27. Qe4+ Kh8 28. Qxd5 Qxb2 29. Re1 Qc2 30. Re8+ Kh7 31. Qe4+ Qxe4 32. Rxe4 b6
33. a4 Bd2 34. Rc4 a6 35. Rc6 b5 36. Rxa6 bxa4 37. c4 Bb4 38. Rxa4 Bc5 39. Ra5
Bd6 40. c5 Bc7 41. Ra7 Bb8 42. c6 Bxa7 43. c7 Bd4 44. c8=Q Bf6 45. g3 Kg6 46.
Qg4+ Bg5 47. h4 Kh7 48. hxg5 hxg5 49. Qh5+ Kg8 50. Qxg5 Kh7 51. Qh5+ Kg8 52.
Qg6 Kh8 53. f4 Kg8 54. g4 Kh8 55. f5 Kg8 56. f6 Kh8 57. Qxg7# 1-0

[Event "DEM U12 2012"]
[Site "Oberhof GER"]
[Date "2012.06.01"]
[Round "10"]
[White "Schluckner, Paul-Leopold"]
[Black "Schröder, Janina"]
[Result "1-0"]
[Termination "normal"]
[Board "43"]
[WhiteElo "1110"]
[BlackElo "1353"]
[PlyCount "115"]
[WhiteFideId "12952168"]
[BlackFideId "24693138"]
[EventCountry "GER"]
[EventRounds "11"]
[EventType "swiss"]
[EventDate "2012.05.26"]

1. e4 e5 2. Nf3 Nc6 3. Bc4 Be7 4. c3 Nf6 5. d3 O-O 6. Bb3 d6 7. Nbd2 Bg4 8. Nf1
d5 9. exd5 Nxd5 10. Ng3 Nf4 11. Bxf4 exf4 12. Ne4 Na5 13. d4 Re8 14. h3 Bh5 15.
O-O Bh4 16. Nc5 b6 17. Nd3 Qf6 18. Nde5 Nc6 19. Qd3 Nxe5 20. Nxe5 c5 21. Bc2 g6
22. Nf3 Rad8 23. g4 cxd4 24. gxh5 dxc3 25. Qxc3 Qxc3 26. bxc3 Bf6 27. hxg6 hxg6
28. Rac1 Rc8 29. Bb3 Bxc3 30. Rfd1 Bf6 31. Rxc8 Rxc8 32. Rd7 Rf8 33. Rxa7 Bd8
34. Ne5 Bf6 35. Nxg6 Rd8 36. Rxf7 Bg5 37. Rf5+ Kh7 38. Rxg5 Kh6 39. Rd5 Rxd5
40. Bxd5 Kxg6 41. Kg2 Kf5 42. Kf3 b5 43. a3 Kg5 44. Bc6 Kh4 45. Bxb5 Kxh3 46.
a4 Kh4 47. a5 Kg5 48. a6 Kf6 49. a7 Ke6 50. a8=Q Ke7 51. Qc6 Kf7 52. Qd6 Kg7
53. Kxf4 Kh7 54. Kg5 Kg7 55. Qf6+ Kg8 56. Bc4+ Kh7 57. Qg6+ Kh8 58. Qg8# 1-0

[Event "DEM U12 2012"]
[Site "Oberhof GER"]
[Date "2012.06.01"]
[Round "10"]
[White "Usczeck, Alina"]
[Black "Frank, Kamila"]
[Result "1-0"]
[Termination "normal"]
[Board "44"]
[WhiteElo "1255"]
[BlackElo "932"]
[PlyCount "105"]
[WhiteFideId "12938114"]
[BlackFideId "12952222"]
[EventCountry "GER"]
[EventRounds "11"]
[EventType "swiss"]
[EventDate "2012.05.26"]

1. e4 e5 2. Nf3 Nc6 3. Nc3 Bc5 4. Nxe5 Nxe5 5. d4 Bxd4 6. Qxd4 Nc6 7. Qxg7 Qf6
8. Qxf6 Nxf6 9. Nb5 Nb4 10. Bd3 Na6 11. f3 d6 12. Bd2 Bd7 13. Bc3 Ke7 14. O-O-O
c6 15. Nxd6 Kxd6 16. Bxf6 Rhg8 17. Bxa6+ Ke6 18. Bc4+ Kxf6 19. Rxd7 b5 20.
Rxf7+ Kg6 21. Bb3 a5 22. Rc7 Rgc8 23. Rxc8 Rxc8 24. Rd1 c5 25. Rd6+ Kg7 26. Be6
Rc7 27. Rd7+ Rxd7 28. Bxd7 b4 29. e5 Kf7 30. e6+ Kf6 31. f4 c4 32. f5 h5 33. h3
c3 34. bxc3 bxc3 35. g4 h4 36. g5+ Kxf5 37. e7+ Kxg5 38. e8=Q Kf4 39. Qf7+ Ke3
40. Qe6+ Kd4 41. Qb6+ Ke4 42. Qxa5 Kf3 43. Qxc3+ Ke4 44. Qd2 Ke5 45. Qd3 Kf4
46. Qd5 Ke3 47. Bg4 Kf4 48. Qf5+ Kg3 49. Qe5+ Kf2 50. Qe2+ Kg3 51. Qf3+ Kh2 52.
Qf2+ Kh1 53. Bf3# 1-0

[Event "DEM U12 2012"]
[Site "Oberhof GER"]
[Date "2012.06.01"]
[Round "10"]
[White "Peters, Theresa"]
[Black "Cejda, Cecilia"]
[Result "0-1"]
[Termination "normal"]
[Board "45"]
[WhiteElo "1070"]
[BlackElo "1330"]
[PlyCount "54"]
[WhiteFideId "12952192"]
[BlackFideId "12921122"]
[EventCountry "GER"]
[EventRounds "11"]
[EventType "swiss"]
[EventDate "2012.05.26"]

1. d4 d5 2. e4 dxe4 3. Nc3 Nf6 4. f3 exf3 5. Nxf3 e6 6. Bg5 Be7 7. Bc4 O-O 8.
Ne5 b6 9. O-O c5 10. Ne2 Qc7 11. Bxf6 Bxf6 12. Ng4 Be7 13. d5 exd5 14. Bxd5 Rd8
15. Ne3 Be6 16. Bxa8 Rxd1 17. Nxd1 Qe5 18. Ndc3 b5 19. Rfe1 b4 20. Nb5 c4 21.
Ned4 Qg5 22. Nc7 Bc5 23. Rad1 Bxd4+ 24. Rxd4 Qc5 25. Nxe6 fxe6 26. Ree4 e5 27.
Bd5+ Kf8 0-1

[Event "DEM U12 2012"]
[Site "Oberhof GER"]
[Date "2012.06.01"]
[Round "10"]
[White "Zimmer, Luca"]
[Black "Riegel, Arinna"]
[Result "1-0"]
[Termination "normal"]
[Board "46"]
[WhiteElo "1051"]
[BlackElo "1161"]
[PlyCount "53"]
[WhiteFideId "12921424"]
[BlackFideId "12931446"]
[EventCountry "GER"]
[EventRounds "11"]
[EventType "swiss"]
[EventDate "2012.05.26"]

1. e4 d5 2. exd5 Qxd5 3. Nc3 Qd6 4. d4 Nf6 5. Bc4 c6 6. Nge2 Bf5 7. Bf4 Qb4 8.
Bb3 e6 9. Qd2 Qb6 10. O-O-O a5 11. f3 Qd8 12. g4 Bg6 13. h4 h6 14. Ng3 Bd6 15.
Nge2 a4 16. Bc4 b5 17. Bd3 Nd5 18. Bxg6 fxg6 19. Ne4 Bxf4 20. Nxf4 Nxf4 21.
Qxf4 Qd5 22. Nd6+ Kd7 23. Nf7 Rg8 24. Ne5+ Kd8 25. Qf7 Re8 26. Qb7 Ra5 27. Nf7#
1-0

[Event "DEM U12 2012"]
[Site "Oberhof GER"]
[Date "2012.06.01"]
[Round "10"]
[White "Hacklinger, Dilan"]
[Black "Schulz, Theresa Charlotte"]
[Result "1-0"]
[Termination "normal"]
[Board "47"]
[WhiteElo "1151"]
[BlackElo "1011"]
[PlyCount "57"]
[WhiteFideId "12952150"]
[BlackFideId "12952206"]
[EventCountry "GER"]
[EventRounds "11"]
[EventType "swiss"]
[EventDate "2012.05.26"]

1. e4 e5 2. f4 d6 3. Nf3 Nc6 4. Bc4 Nf6 5. O-O Nxe4 6. d3 Nf6 7. Ng5 d5 8. Bb5
Bc5+ 9. Kh1 h6 10. Nf3 O-O 11. fxe5 Ng4 12. d4 Be7 13. Nc3 Bh4 14. Qe2 Ne7 15.
Nxh4 Nxh2 16. Kxh2 Nc6 17. Nf3 Bg4 18. Bxc6 bxc6 19. Qf2 Qb8 20. Qg3 h5 21. Kg1
Qb6 22. Na4 Qb4 23. Nc3 Bxf3 24. Qxf3 Qxd4+ 25. Qe3 Qg4 26. Qf4 Qg6 27. Rf2 c5
28. Nxd5 Rad8 29. Ne7+ 1-0

[Event "DEM U12 2012"]
[Site "Oberhof GER"]
[Date "2012.06.01"]
[Round "10"]
[White "Möller, Hannah"]
[Black "Schumacher, Aaron"]
[Result "1-0"]
[Termination "normal"]
[Board "48"]
[WhiteElo "1077"]
[BlackElo "1087"]
[PlyCount "89"]
[WhiteFideId "1270514"]
[EventCountry "GER"]
[EventRounds "11"]
[EventType "swiss"]
[EventDate "2012.05.26"]

1. e4 e6 2. d3 d5 3. Nd2 c5 4. Ngf3 Nc6 5. g3 Bd7 6. Bg2 Nf6 7. O-O Bd6 8. Re1
Qc7 9. c3 O-O 10. Nf1 h6 11. h4 Rad8 12. N1h2 e5 13. exd5 Nxd5 14. Nxe5 Bxe5
15. Bxd5 Bf5 16. Be4 Bxe4 17. Rxe4 f5 18. Re1 c4 19. d4 Bd6 20. b3 b5 21. bxc4
bxc4 22. Nf3 f4 23. g4 Qd7 24. Nd2 f3 25. Re4 Bf4 26. Nxf3 Qxg4+ 27. Kh1 Rd6
28. Bxf4 Rxf4 29. Rxf4 Qxf4 30. Qe2 Rf6 31. Qxc4+ Kh8 32. Nh2 Qxf2 33. d5 Rg6
34. Qf1 Qxf1+ 35. Rxf1 Ne7 36. c4 Ra6 37. Ra1 Ra4 38. d6 Nc6 39. d7 Nd8 40. c5
Rc4 41. Re1 Rd4 42. Re8+ Kh7 43. Rxd8 Rc4 44. Rc8 Rd4 45. d8=Q 1-0

[Event "DEM U12 2012"]
[Site "Oberhof GER"]
[Date "2012.06.01"]
[Round "10"]
[White "Christiansen, Anna"]
[Black "Friedrich, Laura"]
[Result "1-0"]
[Termination "normal"]
[Board "49"]
[WhiteElo "924"]
[BlackElo "840"]
[PlyCount "99"]
[WhiteFideId "12952230"]
[BlackFideId "12952249"]
[EventCountry "GER"]
[EventRounds "11"]
[EventType "swiss"]
[EventDate "2012.05.26"]

1. e4 e5 2. Nf3 Nc6 3. Bc4 Nf6 4. Nc3 Nxe4 5. Nxe4 d5 6. Bd3 dxe4 7. Bxe4 Bg4
8. h3 Bh5 9. d3 h6 10. Be3 Bb4+ 11. Bd2 Bc5 12. Be3 Bxe3 13. fxe3 Qf6 14. Qd2
O-O-O 15. O-O-O Qe6 16. Kb1 f6 17. g4 Bf7 18. b3 Qd6 19. Kb2 Nb4 20. a3 Nc6 21.
h4 h5 22. Bf5+ Kb8 23. g5 fxg5 24. Nxg5 Qf6 25. Be4 Rd6 26. Rhf1 Qe7 27. Nxf7
Qf8 28. Nxh8 Qxh8 29. Bxc6 Rxc6 30. e4 Rb6 31. Qc3 Rc6 32. Qxe5 Qg8 33. Rg1 Qc8
34. Rxg7 a6 35. Rh7 Re6 36. Qxh5 Rc6 37. Rh8 Qxh8+ 38. Qxh8+ Ka7 39. h5 b5 40.
h6 Rb6 41. Qg7 Rb8 42. h7 a5 43. Qxc7+ Ka8 44. Qxb8+ Kxb8 45. h8=Q+ Kc7 46. Rf1
b4 47. Rf6 bxa3+ 48. Kxa3 Kd7 49. Qg7+ Ke8 50. Rf8# 1-0

[Event "ODEM U25B 2012"]
[Site "Oberhof GER"]
[Date "2012.05.28"]
[Round "3"]
[White "Janke, Christopher"]
[Black "Fischer, Maxi"]
[Result "1/2-1/2"]
[Termination "normal"]
[Board "1"]
[WhiteElo "1589"]
[BlackElo "1418"]
[PlyCount "41"]
[BlackFideId "24692395"]
[EventCountry "GER"]
[EventRounds "9"]
[EventType "swiss"]
[EventDate "2012.05.26"]

1. Nf3 d5 2. c4 e6 3. g3 Nf6 4. Bg2 Nc6 5. cxd5 exd5 6. O-O Be6 7. d4 Bd6 8.
Nc3 h6 9. Qb3 Rb8 10. Nb5 Be7 11. Bf4 Rc8 12. Nxa7 Nxa7 13. Qxb7 Ra8 14. Bxc7
Qc8 15. Qxc8+ Rxc8 16. Bb6 Nc6 17. Bc5 Nd7 18. Rfc1 Nxc5 19. dxc5 Bf6 20. Rd1
Bxb2 21. Rab1 1/2-1/2

[Event "ODEM U25B 2012"]
[Site "Oberhof GER"]
[Date "2012.05.28"]
[Round "3"]
[White "Herrmann, Heribert"]
[Black "Naujoks, Max"]
[Result "0-1"]
[Termination "normal"]
[Board "2"]
[WhiteElo "1534"]
[BlackElo "1398"]
[PlyCount "90"]
[WhiteFideId "12971715"]
[BlackFideId "12947318"]
[EventCountry "GER"]
[EventRounds "9"]
[EventType "swiss"]
[EventDate "2012.05.26"]

1. c4 b6 2. Nc3 Bb7 3. e4 g6 4. g3 Bg7 5. Nge2 d6 6. Bg2 Nf6 7. O-O e5 8. d3
O-O 9. h3 c5 10. f4 Nc6 11. f5 Nd4 12. g4 a6 13. g5 Nh5 14. f6 Bh8 15. Kh2 Qe8
16. Nd5 Bxd5 17. cxd5 h6 18. Bf3 Nxf3+ 19. Rxf3 Qd8 20. Qf1 Rc8 21. Qf2 Re8 22.
Be3 hxg5 23. Bxg5 c4 24. d4 exd4 25. Nxd4 Rxe4 26. Nc6 Rxc6 27. dxc6 Qc7 28.
Re1 Qxc6 29. Rxe4 Qxe4 30. Re3 Qc6 31. Qf3 d5 32. Re5 Nxf6 33. Bxf6 Bxf6 34.
Rxd5 Qc7+ 35. Qg3 Qxg3+ 36. Kxg3 Bxb2 37. Rd8+ Kg7 38. Kf4 c3 39. Rc8 b5 40.
Ke4 f5+ 41. Kd3 b4 42. Ra8 f4 43. Rxa6 Kh6 44. h4 Kh5 45. Rf6 c2 0-1

[Event "ODEM U25B 2012"]
[Site "Oberhof GER"]
[Date "2012.05.28"]
[Round "3"]
[White "Greßmann, Hanna"]
[Black "Siegl, Adrian"]
[Result "0-1"]
[Termination "normal"]
[Board "3"]
[WhiteElo "1393"]
[BlackElo "1712"]
[PlyCount "110"]
[WhiteFideId "12930709"]
[BlackFideId "12930156"]
[EventCountry "GER"]
[EventRounds "9"]
[EventType "swiss"]
[EventDate "2012.05.26"]

1. d4 Nf6 2. Nd2 d5 3. Ngf3 Nc6 4. e3 e6 5. c3 Bd6 6. Bd3 O-O 7. O-O e5 8. dxe5
Nxe5 9. Nxe5 Bxe5 10. Nf3 Bg4 11. h3 Bxf3 12. Qxf3 c6 13. Rd1 Re8 14. e4 Nxe4
15. Bxe4 dxe4 16. Rxd8 exf3 17. Rxa8 Rxa8 18. g3 Rd8 19. Be3 Bc7 20. Re1 f6 21.
Bxa7 b6 22. Re7 Rd1+ 23. Kh2 Bd6 24. Re3 Rd2 25. Rxf3 Rxb2 26. a4 Bc5 27. Kg2
Ra2 28. Rf4 Rc2 29. Rf3 Ra2 30. Rf4 Rc2 31. Rf3 Ra2 32. Rf4 Ra3 33. Rc4 Ra2 34.
Rf4 Rc2 35. Rf3 Ra2 36. Rf4 Ra3 37. Rc4 Ra2 38. Rf4 Be3 39. Rf3 Rxa4 40. Rxe3
Rxa7 41. Re6 Rc7 42. Re8+ Kf7 43. Rb8 b5 44. Kf3 Ke6 45. Ke4 Re7 46. Kd4 Kd6
47. Rd8+ Rd7 48. Rc8 h6 49. h4 Re7 50. Rd8+ Kc7 51. Rg8 g5 52. hxg5 hxg5 53.
Rg6 Re6 54. Kc5 Re5+ 55. Kb4 Rf5 0-1

[Event "ODEM U25B 2012"]
[Site "Oberhof GER"]
[Date "2012.05.28"]
[Round "3"]
[White "von Reppert, Marc"]
[Black "Giede, Anna-Blume"]
[Result "1-0"]
[Termination "normal"]
[Board "4"]
[WhiteElo "1468"]
[BlackElo "1250"]
[PlyCount "51"]
[WhiteFideId "12918130"]
[BlackFideId "12921980"]
[EventCountry "GER"]
[EventRounds "9"]
[EventType "swiss"]
[EventDate "2012.05.26"]

1. e4 c5 2. c3 e6 3. Nf3 a6 4. d4 cxd4 5. cxd4 Nc6 6. Bc4 Bb4+ 7. Bd2 Bxd2+ 8.
Qxd2 Nce7 9. Bb3 d5 10. e5 f6 11. O-O Ng6 12. Re1 fxe5 13. Nxe5 N8e7 14. Bc2
Nxe5 15. Rxe5 Qb6 16. Ba4+ Bd7 17. Nc3 Qb4 18. a3 Qc4 19. Bxd7+ Kxd7 20. Rae1
Qc6 21. Qd1 Nf5 22. Qg4 g6 23. Nxd5 exd5 24. Rxf5 h5 25. Rxd5+ Kc7 26. Qf4+ 1-0